[Event "London Golders Green op 4th"]
[Site "London"]
[Date "2014.08.24"]
[Round "4"]
[White "Payne, Matthew"]
[Black "Giles, Yasmin"]
[Result "1-0"]
[WhiteElo "1979"]
[BlackElo "1856"]
[PlyCount "111"]
[EventDate "2014.08.23"]
[EventType "swiss"]
[EventRounds "6"]
[EventCountry "ENG"]
[SourceTitle "EXT 2018"]
[Source "ChessBase"]
[SourceDate "2017.10.13"]
[SourceVersion "1"]
[SourceVersionDate "2017.10.13"]
[SourceQuality "1"]

1. e4 c6 2. d4 d5 3. f3 e6 4. Nc3 Qb6 5. Rb1 c5 6. Be3 Nf6 7. Qd2 Bd7 8. e5 Ng8 9. Qf2 cxd4 10. Bxd4 Qa5 11. f4 Nc6 12. Nf3 Nh6 13. Bd3 Nxd4 14. Nxd4 Bc5 15. Qg3 g6 16. Nb3 Qb6 17. Nxc5 Qxc5 18. Qf2 Qc7 19. 0-0 a6 20. Qd4 Bc6 21. a4 Nf5 22. Bxf5 gxf5 23. b4 b5 24. a5 Bb7 25. Rf3 Kd7 26. Rd1 Ke7 27. Rd2 Rad8 28. Ne2 Qc4 29. Rc3 Qxd4+ 30. Nxd4 Rc8 31. Rdd3 Rc4 32. Nb3 Rhc8 33. Nc5 Bc6 34. Rxc4 bxc4 35. Rd4 Bb5 36. c3 Rxc5 37. bxc5 Kd7 38. Kf2 Kc6 39. Ke3 Kxc5 40. Rd2 Ba4 41. Rf2 Bd1 42. Rf1 Bc2 43. Rf3 Be4 44. Rh3 d4+ 45. cxd4+ Kb4 46. Kd2 Kxa5 47. Kc3 Kb5 48. Rxh7 a5 49. Rxf7 a4 50. g3 Bf3 51. Re7 Bd5 52. h4 Bf3 53. Rxe6 a3 54. Re7 Kb6 55. Re6+ Kb5 56. Rd6 1-0

[Event "London Golders Green op 4th"]
[Site "London"]
[Date "2014.08.23"]
[Round "2"]
[White "Johansson, Toni"]
[Black "Giles, Yasmin"]
[Result "1-0"]
[WhiteElo "2055"]
[BlackElo "1856"]
[PlyCount "47"]
[EventDate "2014.08.23"]
[EventType "swiss"]
[EventRounds "6"]
[EventCountry "ENG"]
[SourceTitle "EXT 2018"]
[Source "ChessBase"]
[SourceDate "2017.10.13"]
[SourceVersion "1"]
[SourceVersionDate "2017.10.13"]
[SourceQuality "1"]

1. c4 c6 2. g3 d5 3. Bg2 e5 4. cxd5 cxd5 5. d4 exd4 6. Qxd4 Be6 7. Nc3 Nc6 8. Qd1 Bb4 9. Bd2 Nge7 10. e3 0-0 11. Nge2 a6 12. 0-0 f6 13. a3 Bd6 14. Rc1 Rc8 15. Nd4 Nxd4 16. exd4 b5 17. Re1 Bf7 18. Qg4 Bc7 19. Rxe7 Qxe7 20. Nxd5 Bxd5 21. Bxd5+ Kh8 22. Bb4 Qd8 23. Bxf8 Qxf8 24. Be6 1-0

[Event "London op Congress August"]
[Site "London"]
[Date "2013.08.24"]
[Round "2"]
[White "Landau, Jonathan"]
[Black "Giles, Yasmin"]
[Result "1/2-1/2"]
[WhiteElo "1924"]
[BlackElo "1882"]
[PlyCount "99"]
[EventDate "2013.08.24"]
[EventType "swiss"]
[EventRounds "6"]
[EventCountry "ENG"]
[SourceTitle "EXT 2023"]
[Source "ChessBase"]
[SourceDate "2022.10.05"]
[SourceVersion "1"]
[SourceVersionDate "2022.10.05"]
[SourceQuality "1"]

1. e4 c6 2. Nc3 d5 3. Nf3 Bg4 4. h3 Bxf3 5. Qxf3 Nf6 6. e5 Nfd7 7. d4 e6 8. Be3 Qb6 9. 0-0-0 c5 10. dxc5 Bxc5 11. Bxc5 Qxc5 12. Qg3 g6 13. Nb5 0-0 14. f4 Nc6 15. h4 h5 16. Bd3 Kh8 17. Qg5 Qe7 18. Qh6+ Kg8 19. g4 hxg4 20. h5 f5 21. hxg6 Qg7 22. Qg5 Ndxe5 23. fxe5 Nxe5 24. Rh6 Rf6 25. Rdh1 Rxg6 26. Rh8+ Qxh8 27. Rxh8+ Kxh8 28. Qh4+ Kg8 29. Nd4 Nxd3+ 30. cxd3 g3 31. Ne2 g2 32. Ng1 Rf8 33. Kd2 e5 34. Qe7 e4 35. Qxb7 Rd6 36. dxe4 dxe4+ 37. Ke3 Rd3+ 38. Kf4 Rf7 39. Qb8+ Kh7 40. Qe8 Rdd7 41. Qc8 Rd1 42. Qc5 Rf1+ 43. Kg3 Rg7+ 44. Kh3 e3 45. Qxe3 f4 46. Qe4+ Kh6 47. Qe6+ Rg6 48. Qe8 Rxg1 49. Qh8+ Kg5 50. Qe5+ 1/2-1/2

[Event "Hampstead op U2200 05"]
[Site "Hampstead"]
[Date "2013.05.19"]
[Round "4"]
[White "Giles, Yasmin"]
[Black "Lukacovic, Miroslav"]
[Result "0-1"]
[WhiteElo "1861"]
[BlackElo "1991"]
[PlyCount "120"]
[EventDate "2013.05.18"]
[EventType "swiss"]
[EventRounds "5"]
[EventCountry "ENG"]
[SourceTitle "EXT 2014"]
[Source "ChessBase"]
[SourceDate "2013.11.20"]
[SourceVersion "1"]
[SourceVersionDate "2013.11.20"]
[SourceQuality "1"]

1. e4 e6 2. d4 d5 3. e5 c5 4. c3 Nc6 5. Nf3 Nge7 6. a3 c4 7. Nbd2 Bd7 8. b3 b5 9. g3 a5 10. Qc2 Nf5 11. bxc4 bxc4 12. a4 Rb8 13. g4 Nh4 14. Nxh4 Qxh4 15. h3 Qd8 16. Nf3 Be7 17. Bg2 Rb6 18. 0-0 0-0 19. Nd2 Qc7 20. f4 g6 21. f5 Rfb8 22. f6 Bf8 23. Nf3 Rb3 24. h4 Be8 25. h5 Nd8 26. Nd2 R3b7 27. Qd1 Qb6 28. Qf3 Nc6 29. Qf4 Qa7 30. Ba3 Nb4 31. Nf3 Nd3 32. Qe3 Nb4 33. Qd2 Bxa4 34. hxg6 fxg6 35. Ng5 Bh6 36. cxb4 axb4 37. f7+ Rxf7 38. Rxf7 Qxf7 39. Qxb4 Rxb4 40. Nxf7 Be3+ 41. Kh1 Rb3 42. Bc5 c3 43. Rf1 c2 44. g5 Rb1 45. Nh6+ Kh8 46. Be7 Rxf1+ 47. Bxf1 Kg7 48. Ba3 Bxg5 49. Ng4 c1Q 50. Bxc1 Bxc1 51. Nh2 Bd1 52. Bh3 Kf7 53. Nf1 Bf4 54. Kg2 g5 55. Kf2 g4 56. Bg2 h5 57. Ne3 Bxe3+ 58. Kxe3 Kg6 59. Kf4 h4 60. Bh1 h3 0-1

[Event "Hampstead op U2200 05"]
[Site "Hampstead"]
[Date "2013.05.18"]
[Round "1"]
[White "Zhao, Haolin"]
[Black "Giles, Yasmin"]
[Result "0-1"]
[WhiteElo "1250"]
[BlackElo "1861"]
[PlyCount "118"]
[EventDate "2013.05.18"]
[EventType "swiss"]
[EventRounds "5"]
[EventCountry "ENG"]
[SourceTitle "EXT 2014"]
[Source "ChessBase"]
[SourceDate "2013.11.20"]
[SourceVersion "1"]
[SourceVersionDate "2013.11.20"]
[SourceQuality "1"]

1. e4 c6 2. d4 d5 3. Nd2 dxe4 4. Nxe4 Nd7 5. Nf3 Ngf6 6. Nxf6+ Nxf6 7. Be3 Bg4 8. Bd3 e6 9. h3 Bh5 10. Qd2 Be7 11. 0-0-0 Bxf3 12. gxf3 Qd5 13. c4 Qd7 14. Rhg1 Rg8 15. Qc3 Qc7 16. f4 g6 17. Be2 0-0-0 18. f3 Nh5 19. Qd2 Bd6 20. Kb1 Bxf4 21. Bxf4 Qxf4 22. Qxf4 Nxf4 23. Bf1 c5 24. Rg4 g5 25. h4 h6 26. hxg5 hxg5 27. Rg1 cxd4 28. Bd3 Nxd3 29. Rxd3 f5 30. Re1 Rg6 31. Red1 e5 32. Re1 Re6 33. Rg1 e4 34. fxe4 fxe4 35. Rdd1 Re5 36. Kc2 Rf5 37. Rde1 Rf2+ 38. Kc1 e3 39. Ref1 Rxf1+ 40. Rxf1 d3 41. Rg1 g4 42. Rh1 g3 43. Rg1 g2 44. b3 d2+ 45. Kd1 e2+ 46. Kxe2 d1Q+ 47. Rxd1 Rxd1 48. Kxd1 g1Q+ 49. Kd2 Qg2+ 50. Kc3 Qxa2 51. Kd3 Qxb3+ 52. Kd4 a5 53. c5 a4 54. Ke5 a3 55. Ke4 a2 56. Kf5 a1Q 57. Kf4 Qf6+ 58. Kg4 Qg8+ 59. Kh3 Qfh8# 0-1

[Event "BCF-chT2b 1213 (4NCL)"]
[Site "England"]
[Date "2012.11.04"]
[Round "2.78"]
[White "Giles, Yasmin"]
[Black "Horton, Jamie A"]
[Result "0-1"]
[WhiteElo "1803"]
[BlackElo "2009"]
[PlyCount "72"]
[EventDate "2012.11.03"]
[EventType "team-tourn"]
[EventRounds "7"]
[EventCountry "ENG"]
[SourceTitle "EXT 2014"]
[Source "ChessBase"]
[SourceDate "2013.11.20"]
[SourceVersion "1"]
[SourceVersionDate "2013.11.20"]
[SourceQuality "1"]
[WhiteTeam "KJCA Kings"]
[BlackTeam "3CS Oldham"]
[WhiteTeamCountry "ENG"]
[BlackTeamCountry "ENG"]

1. e4 c5 2. Nc3 g6 3. d4 cxd4 4. Qxd4 Nf6 5. Qd1 Nc6 6. Nf3 d6 7. Bc4 Bg7 8. 0-0 0-0 9. Be3 a6 10. a4 Bd7 11. h3 Rc8 12. Qd2 Na5 13. Bd3 Re8 14. Nd4 Nc4 15. Bxc4 Rxc4 16. Qd3 Rc8 17. f4 Qa5 18. f5 Bc6 19. Nxc6 Rxc6 20. fxg6 hxg6 21. Nd5 Nd7 22. c3 Ne5 23. Qe2 Qd8 24. Qf2 Rc4 25. Bd4 Rf8 26. Qe2 Rc6 27. b4 Nd7 28. Bxg7 Kxg7 29. c4 Ne5 30. Rac1 Qd7 31. b5 Rc5 32. Rfd1 Qe6 33. bxa6 bxa6 34. Qb2 Rfc8 35. Qb6 R5c6 36. Qb2 Kg8 0-1

[Event "Hinckley e2e4 Major op"]
[Site "Hinckley Island"]
[Date "2012.08.26"]
[Round "4"]
[White "Wilson, Matthew R"]
[Black "Giles, Yasmin"]
[Result "0-1"]
[WhiteElo "1830"]
[BlackElo "1942"]
[PlyCount "76"]
[EventDate "2012.08.24"]
[EventType "swiss"]
[EventRounds "7"]
[EventCountry "ENG"]
[SourceTitle "EXT 2014"]
[Source "ChessBase"]
[SourceDate "2013.11.20"]
[SourceVersion "1"]
[SourceVersionDate "2013.11.20"]
[SourceQuality "1"]

1. Nf3 c6 2. b3 d5 3. Bb2 Nf6 4. e3 Bf5 5. Ne5 Nbd7 6. f4 e6 7. Nxd7 Qxd7 8. Be2 0-0-0 9. g4 Bg6 10. d3 Bc5 11. g5 Ne8 12. Qd2 d4 13. e4 h6 14. Na3 hxg5 15. fxg5 Qe7 16. Nc4 Bb4 17. c3 dxc3 18. Bxc3 Bxc3 19. Qxc3 Qxg5 20. Ne5 Qh4+ 21. Kf1 Qh3+ 22. Ke1 Bxe4 23. Rf1 Bg6 24. Nxc6 Qh4+ 25. Rf2 bxc6 26. Qxc6+ Nc7 27. Bf3 Qb4+ 28. Rd2 Rxd3 29. Rad1 Rxd2 30. Rxd2 Qb5 31. Qd6 Nd5 32. Rd4 Rd8 33. Qa3 Kd7 34. Bxd5 exd5 35. Rb4 Re8+ 36. Kf2 Qe2+ 37. Kg3 Re3+ 38. Kh4 Qh5# 0-1

[Event "Sunningdale e2e4 Major"]
[Site "Sunningdale"]
[Date "2011.09.18"]
[Round "5"]
[White "Whatley, Stephen Arthur"]
[Black "Giles, Yasmin"]
[Result "0-1"]
[WhiteElo "1597"]
[BlackElo "1898"]
[PlyCount "116"]
[EventDate "2011.09.16"]
[EventType "swiss"]
[EventRounds "5"]
[EventCountry "ENG"]
[SourceTitle "EXT 2023"]
[Source "ChessBase"]
[SourceDate "2022.10.05"]
[SourceVersion "1"]
[SourceVersionDate "2022.10.05"]
[SourceQuality "1"]

1. d4 d5 2. Nf3 c6 3. c3 Nf6 4. Bg5 Bf5 5. e3 h6 6. Bh4 e6 7. Bd3 Bxd3 8. Qxd3 Bd6 9. Nbd2 Qc7 10. Bxf6 gxf6 11. e4 Nd7 12. exd5 cxd5 13. 0-0 f5 14. Rfe1 0-0 15. Rac1 Nf6 16. Ne5 Ng4 17. Qe2 Nxe5 18. dxe5 Bc5 19. Qh5 Kg7 20. Qf3 Qe7 21. Nb3 Bb6 22. Qd3 Rg8 23. Nd4 Bxd4 24. Qxd4 Qg5 25. Qe3 f4 26. Qf3 Rac8 27. Rcd1 Rc4 28. b3 Rcc8 29. Rd4 Kh8 30. c4 dxc4 31. bxc4 Rcd8 32. Rxf4 Rd3 33. Qe4 Rd4 34. g3 Rxe4 35. Rfxe4 Qd2 36. R1e2 Qc1+ 37. Re1 Qb2 38. R1e2 Qb1+ 39. Kg2 Rd8 40. h3 Rd1 41. h4 Rg1+ 42. Kf3 Qd3+ 43. Kf4 Rc1 44. R2e3 Qc2 45. Re2 Qa4 46. c5 Rc4 47. f3 Rxe4+ 48. Rxe4 Qxa2 49. g4 Qd2+ 50. Kg3 Qc1 51. Rf4 Qxc5 52. Rxf7 Qxe5+ 53. Kh3 Qe3 54. Kg3 b5 55. Rb7 Qe5+ 56. Kh3 a5 57. f4 Qc3+ 58. Kg2 Qc6+ 0-1